|
|
|
|
| LEADER |
00000cam a2200000 7i4500 |
| 001 |
0000048805 |
| 005 |
20150622.0 |
| 008 |
150622 |
| 020 |
|
|
|a 9789830401751
|
| 020 |
|
|
|a 9830401758
|
| 090 |
0 |
0 |
|a 297.44
|b SAR
|
| 100 |
1 |
|
|a Sarah Md.Yusuf
|
| 245 |
1 |
0 |
|a Adab Bermusafir
|c Sarah Md.Yusuf
|
| 260 |
|
|
|a Selangor :
|b Penerbitan Al-Ramadhan ,
|c 1996
|
| 490 |
0 |
|
|a Siri Penghayatan Al-Sunnah
|
| 999 |
|
|
|a 0000452077
|b Book
|c Adult Collection
|e Cawangan Mersing
|
| 999 |
|
|
|a 0000452082
|b Book
|c Adult Collection
|e Cawangan Muar
|
| 999 |
|
|
|a 0000775827
|b Book
|c Adult Collection
|e Cawangan Pontian
|
| 999 |
|
|
|a 0000789103
|b Book
|c Adult Collection
|e Cawangan Segamat
|
| 999 |
|
|
|a 0000830886
|b Book
|c Adult Collection
|e Cawangan Segamat
|
| 999 |
|
|
|a 0000830887
|b Book
|c Adult Collection
|e Cawangan Segamat
|
| 999 |
|
|
|a 0000834681
|b Book
|c Adult Collection
|e Cawangan Mersing
|
| 999 |
|
|
|a 0000834682
|b Book
|c Adult Collection
|e Cawangan Mersing
|